000 01815cam a22005177i 4500
001 1942
003 FISKH
005 20231019114219.0
008 140805s2015 nyu j 000 1 eng d
010 _a 2014947734
020 _a9780545837996
_q(hardback)
020 _a9780545837996
_q(hardback)
035 _a(OCoLC)ocn884298446
040 _aYDXCP
_beng
_cYDXCP
_erda
_dBTCTA
_dOCLCQ
_erda
_dNYP
_dJBL
_dOJ4
_dVP@
_dOCLCF
_dOKX
_dEHH
_dDLC
042 _alccopycat
043 _an-us-in
050 0 0 _aPZ7.W42235
_bHo 2015
082 0 4 _a813.6
_223
100 1 _aWeeks, Sarah,
245 1 0 _aHoney /
_cSarah Weeks.
250 _aFirst edition.
264 1 _aNew York :
_bScholastic,
_c2015.
300 _a152 pages ;
_c20 cm
336 _atext
_btxt
_2rdacontent
337 _aunmediated
_bn
_2rdamedia
338 _avolume
_bnc
_2rdacarrier
505 _aU
520 _aWhen she suspects that her father has a girlfriend, Melody and her best friend are determined to figure out who it is and why it is a secret.
521 8 _a830
_bLexile
521 8 _aU
_bRaz-Plus
650 0 _aFathers and daughters
_vJuvenile fiction.
650 0 _aDogs
_vJuvenile fiction.
650 1 _aFathers and daughters
_vFiction.
650 1 _aDogs
_vFiction.
650 7 _aDogs.
_2fast
_0(OCoLC)fst00896265
650 7 _aFathers and daughters.
_2fast
_0(OCoLC)fst00921890
651 0 _aIndiana
_vJuvenile fiction.
651 1 _aIndiana
_vFiction.
651 7 _aIndiana.
_2fast
_0(OCoLC)fst01204604
655 7 _aFiction.
_2fast
_0(OCoLC)fst01423787
655 7 _aJuvenile works.
_2fast
_0(OCoLC)fst01411637
906 _a7
_bcbc
_ccopycat
_d2
_encip
_f20
_gy-gencatlg
942 _2ddc
_cBK
_n0
999 _c1942
_d1942